Mot mystérieux - Série 60 - Statistiques

Statistiques générales
  • Ce quiz a été pris 83 fois
  • Le résultat moyen est 5 sur 10
Statistiques - réponses
Indices Mot % Correct
mères - foraine - voisins - musique fête
87%
carrière - service - défilé - base militaire
74%
ver - étoffe - sanglier - route soie
70%
militaire - professionnelle - relevé- parenthèses carrière
56%
cuisine - grand'mère - idée - chef recette
50%
fer - douche - grimper - lever rideau
33%
coup - jambon - vaisselle - cuisine torchon
29%
soleil - bouche - pied -huile bain
24%
verte - lave - brasse - maille coulée
23%
noir - blanc - rose - 18 jours radis
7%
Aucun quiz correspondant
Distribution des résultats
% des personnes avec chaque résultat
Percentile par nombre de réponses
Votre historique - résultats
Vous n’avez pas pris ce quiz